Statistics for Heinz Mayonnaise Ingredients

Click here to take the quiz!

General Stats

  • This quiz has been taken 25 times
  • The average score is 4 of 10

Answer Stats

Mayonnaise Ingredient% Correct
Egg Yolk
95%
Salt
74%
Rapeseed Oil
68%
Sugar
58%
Spirit Vinegar
53%
Water
42%
Mustard Seeds
26%
Spices
26%
Antioxidant
0%
Starch
0%

Score Distribution

Percentile by Number Answered

Percent of People with Each Score

Your Score History

You have not taken this quiz